Managerial accounting (Record no. 777649)

MARC details
000 -LEADER
fixed length control field 00675nam a2200253Ia 4500
003 - CONTROL NUMBER IDENTIFIER
control field OSt
005 - DATE AND TIME OF LATEST TRANSACTION
control field 20220928124356.0
008 - FIXED-LENGTH DATA ELEMENTS--GENERAL INFORMATION
fixed length control field 220927b |||||||| |||| 00| 0 eng d
037 ## - SOURCE OF ACQUISITION
Terms of availability Textual
040 ## - CATALOGING SOURCE
Original cataloging agency SDCL
Transcribing agency SDCL
Language of cataloging eng
041 ## - LANGUAGE CODE
Source of code eng
Language code of text/sound track or separate title eng
100 ## - MAIN ENTRY--PERSONAL NAME
Personal name Anderson Lane K
9 (RLIN) 464773
245 #0 - TITLE STATEMENT
Title Managerial accounting
250 ## - EDITION STATEMENT
Edition statement 8
260 ## - PUBLICATION, DISTRIBUTION, ETC.
Place of publication, distribution, etc. Ohio
Name of publisher, distributor, etc. South Western Pub
Date of publication, distribution, etc. 1992
300 ## - PHYSICAL DESCRIPTION
Extent xvi,1039p
Dimensions cm.
700 ## - ADDED ENTRY--PERSONAL NAME
Personal name Sollenberger Harold M
9 (RLIN) 464774
942 ## - ADDED ENTRY ELEMENTS (KOHA)
Classification part X:89F, N2
Koha item type Textual
Source of classification or shelving scheme Colon Classification (CC)
Holdings
Withdrawn status Lost status Damaged status Not for loan Home library Current library Date acquired Total Checkouts Full call number Barcode Date last seen Price effective from Koha item type
        South Campus Library South Campus Library 2022-09-28   X:89F N2 SC0731293 2022-09-28 2022-09-28 Textual
Copyright @ Delhi University Library System